000 00848nam a22002657a 4500
001 BR9405049
003 BR-BrBNA
005 20230928094257.0
007 ta
008 230509b bl.||||| |||| 00| 0 por d
040 _aBR-BrBNA
_bpor
_cBiblioteca Nacional de Agricultura
041 _a(Por)
072 _aQ03; Q05; D50
090 _ Q03 BR9405049
110 1 _aSecretaria Nacional de Defesa Agropecuaria, Brasilia, DF (Brasil). Secretaria de Inspecao de Produto Animal
_99200
245 1 _aIngredientes, aditivos e saneantes: autorizacao de uso em estabelecimentos sob inspecao federal 1982-1988
260 3 _aBrasilia, DF (Brasil):
_c1989.
300 _a198 p.
650 _aAditivo
650 _aHigiene de Alimento
650 _aInspecao Sanitaria
650 _aLegislacao
909 _a202309
_bLucia
_c55
_dLucia Elande
942 _cBK
999 _c49810
_d49810